|
|
|
|
| LEADER |
00913nam a2200265 4500 |
| 001 |
7773 |
| 003 |
BD-DhAAL |
| 005 |
20151116105311.0 |
| 008 |
151116s1992 nyu 000 1 eng |
| 010 |
|
|
|a 91030294
|
| 020 |
|
|
|a 067169524X :
|c $21.00
|
| 040 |
|
|
|a DLC
|c DLC
|d DLC
|d OCoLC
|d BD-DhAAL
|
| 050 |
0 |
0 |
|a PS3557.O3579
|b M34 1992
|
| 082 |
0 |
0 |
|a 813/.54
|2 20
|
| 100 |
1 |
|
|a Goldberg, Lucianne.
|9 16198
|
| 245 |
1 |
0 |
|a Madame Cleo's girls :
|b a novel /
|c Lucianne Goldberg.
|
| 260 |
|
|
|a New York, N.Y. :
|b Pocket Books,
|c c1992.
|
| 300 |
|
|
|a 501 p. ;
|c 18 cm.
|
| 541 |
|
|
|e 7773
|
| 650 |
|
0 |
|a Courtesans
|x Fiction.
|9 16199
|
| 651 |
|
0 |
|a Paris (France)
|x Fiction.
|9 16200
|
| 655 |
|
7 |
|a Detective and mystery stories.
|2 gsafd
|9 6854
|
| 942 |
|
|
|2 ddc
|c BK
|
| 999 |
|
|
|c 36153
|d 36153
|
| 952 |
|
|
|0 0
|1 0
|2 ddc
|4 0
|6 813_000000000000000__54_GOL
|7 0
|9 56848
|a SCL
|b SCL
|c GEN
|d 2015-11-16
|e Gift:
|l 0
|o 813.54 GOL
|p 3020007773
|r 2015-11-16
|t 1
|w 2015-11-16
|y BK
|